Statistics for Walk from one Country to Another

Click here to take the quiz!

General Stats

  • This quiz has been taken 72 times
  • The average score is 7 of 10

Answer Stats

STARTING COUNTRY COUNTRIES YOU CROSS DESTINATION COUNTRY % Correct
PortugalSpain; France; ItalyVatican City
100%
LesothoSouth Africa; NamibiaAngola
85%
UruguayBrazil; Peru/ColombiaEcuador
84%
MexicoGuatemala; Honduras; Nicaragua; Costa Rica; PanamaColombia
63%
SwedenNorway/Finland; Russia; Belarus/Ukraine; Poland; GermanyDenmark
63%
BangladeshBurma (Myanmar); ThailandMalaysia
61%
SudanEgypt; Israel; Jordan; Saudi ArabiaYemen
60%
GambiaSenegal; Mali-Algeria/Mauritania-Algeria/Mali-Niger; LibyaEgypt
58%
KuwaitIraq; Iran; AfghanistanTajikistan
55%
MoldovaUkraine; SlovakiaCzech Republic
52%

Score Distribution

Percentile by Number Answered

Percent of People with Each Score

Your Score History

You have not taken this quiz